000 00587nam a22001937a 4500
003 KOHA_MİRAKIL
005 20251013124257.0
008 251013b tu ||||| |||| 00| 0 tur d
020 _a9789750533730
040 _aTR-AnABB
_btur
_cTR-AnABB
041 _atur
082 _a828.333
_bSTO 2022
100 1 _aStowe, Harriet Beecher,
245 1 0 _aTom amca'nın kulübesi veya ezilenleri hayatı /
_cHarriet Beecher Stowe
260 _aİstanbul :
_bİletişim Yayıncılık,
_c2022
300 _a608 sayfa ;
_c20 cm
650 0 4 _aAmerikan edebiyatı, roman
942 _2ddc
_cBK
999 _c9138
_d9138
900 _bGizem YORULMAZ